Establishment and management of seed source area of dalbergia oliveri gamble ex prain , pterocarpus macrocarpus kurz, and xylia xylocarpa (roxb) taub. in rattanakiri province (ការបង្កើតនិងគ្រប់គ្រងព្រៃប្រភពគ្រាប់ពូជនាងនួន ធ្មង់និងសុក្រមក្នុងខេត្តរតនគិរី) (Record no. 3200)

000 -LEADER
fixed length control field 00766nam a22001577a 4500
003 - CONTROL NUMBER IDENTIFIER
control field OSt
005 - DATE AND TIME OF LATEST TRANSACTION
control field 20151106091721.0
008 - FIXED-LENGTH DATA ELEMENTS--GENERAL INFORMATION
fixed length control field 151106b xxu||||| |||| 00| 0 eng d
040 ## - CATALOGING SOURCE
Transcribing agency RUA
082 ## - DEWEY DECIMAL CLASSIFICATION NUMBER
Classification number FOR HOU 2002 B128 Or.1
100 ## - MAIN ENTRY--PERSONAL NAME
9 (RLIN) 3430
Personal name HOUNG, THIDA.
245 ## - TITLE STATEMENT
Title Establishment and management of seed source area of dalbergia oliveri gamble ex prain , pterocarpus macrocarpus kurz, and xylia xylocarpa (roxb) taub. in rattanakiri province (ការបង្កើតនិងគ្រប់គ្រងព្រៃប្រភពគ្រាប់ពូជនាងនួន ធ្មង់និងសុក្រមក្នុងខេត្តរតនគិរី)
260 ## - PUBLICATION, DISTRIBUTION, ETC. (IMPRINT)
Place of publication, distribution, etc. Phnom Penh
Name of publisher, distributor, etc. RUA
Date of publication, distribution, etc. 2002
300 ## - PHYSICAL DESCRIPTION
Extent 50p.
Other physical details ill.
Dimensions 29cm.
942 ## - ADDED ENTRY ELEMENTS (KOHA)
Source of classification or shelving scheme
Koha item type FOR
Holdings
Price effective from Date last seen Permanent Location Not for loan Date acquired Source of classification or shelving scheme Koha item type Lost status Withdrawn status Date last checked out Total Checkouts Shelving location Damaged status Barcode Current Location Full call number
2015-11-062015-11-06Library Block B 2015-11-06 FOR    B128 RUA028275Library Block BFOR HOU 2002 B128 Or.1
2015-11-062019-07-12Library Block B 2015-11-06 FOR  2019-06-031B128 RUA028331Library Block BFOR HOU 2002 B128 Or.2
2015-11-062015-11-06Library Block B 2015-11-06 FOR    B128 RUA028286Library Block BFOR HOU 2002 B128 Or.3
2015-11-062015-11-06Library Block B 2015-11-06 FOR    B128 RUA028638Library Block BFOR HOU 2002 B128 Or.4
2015-11-062019-09-26Library Block B 2015-11-06 FOR  2019-08-231B128 RUA028862Library Block BFOR HOU 2002 B128 Or.5
2015-11-062015-11-06Library Block B 2015-11-06 FOR    B128 RUA028790Library Block BFOR HOU 2002 B128 Or.6
មជ្ឈមណ្ឌលឯការនៃសាកលវិទ្យាល័យភូមិន្ទកសិកម្មចំការដូង

Powered by Koha